• 首页
  • 本馆介绍
  • 公告通知
  • 最新文献
  • 馆藏检索
  • 电子资源
  • 读者导购
  • 参考咨询
  • 我的图书馆
  • 登录
  • 详细信息显示
  • 放入我的书架
  • 预约/预借图书
  • 作者相关作品
  • 分类相关作品
  • 丛书相关作品
  • 出版社相关作品

书目信息

  • 表格格式
  • 工作单格式
  • 卡片格式
题名:
所有的工作都可以用一张纸画完
    
 
作者: 佐藤 著
分册:  
出版信息: 北京   北京联合出版公司  2017
页数: 148页
开本: 24cm
丛书名:
单 册:
中图分类: B026-49
科图分类:
主题词: 工作方法--通俗读物
电子资源:
ISBN: 978-7-5596-0372-2
000 01050nam0 2200217 450
001 5710
005 20180529215906.55
010    @a978-7-5596-0372-2@dCNY39.80
100    @a20170905d2017 em y0chiy50 ea
101 0  @achi
102    @aCN@b110000
105    @aa z 000yy
200 1  @a所有的工作都可以用一张纸画完@9suo you de gong zuo du ke yi yong yi zhang zhi hua wan@f佐藤著
210    @a北京@c北京联合出版公司@d2017
215    @a148页@c图@d24cm
330    @a本书为大家准备的就是能够帮助大家快速应用到工作中的笔记模式。我不想教你美化笔记,也不教你选购笔记本,因为有太多的书和各种攻略教大家这些技巧。我认为你不需要笔记本,只要一张纸,一支笔,就能够提升你的工作能力和效率。各大公司,苹果、谷歌、丰田、麦肯锡的精英们都在使用“一张纸笔记术”,“一张纸笔记术”能够培养总结归纳能力、思考能力和运用能力,还会让你的工作内容变的简单易懂,即使是冗长的会议、讨厌的汇报也能够通过一张纸让你豁然开朗。
606 0  @a工作方法@j通俗读物
690    @aB026-49@v5
701  0 @a佐藤@9zuo teng@4著
801  0 @aCN@b91MARC@c20170905
905    @aMuseLib@dB026-49@e128
    
    所有的工作都可以用一张纸画完/佐藤著.-北京:北京联合出版公司,2017
    148页:图;24cm
    
    
    ISBN 978-7-5596-0372-2:CNY39.80
    本书为大家准备的就是能够帮助大家快速应用到工作中的笔记模式。我不想教你美化笔记,也不教你选购笔记本,因为有太多的书和各种攻略教大家这些技巧。我认为你不需要笔记本,只要一张纸,一支笔,就能够提升你的工作能力和效率。各大公司,苹果、谷歌、丰田、麦肯锡的精英们都在使用“一张纸笔记术”,“一张纸笔记术”能够培养总结归纳能力、思考能力和运用能力,还会让你的工作内容变的简单易懂,即使是冗长的会议、讨厌的汇报也能够通过一张纸让你豁然开朗。
●
相关链接 在E读中查询图书 在五车中查询图书 在当当中查询图书 在豆瓣中查询图书


正题名:所有的工作都可以用一张纸画完     索取号:B026-49/128         预约/预借

序号 登录号 条形码 馆藏地/架位号 状态 备注
1 1114498   211144983   第一样本阅览室/ [索取号:B026-49/128] 在馆    
2 1114499   211144992   教育系资料室/ [索取号:B026-49/128] 在馆    
3 1114500   211145009   教育系资料室/ [索取号:B026-49/128] 在馆    
4 1114501   211145018   教育系资料室/ [索取号:B026-49/128] 在馆    
5 1114502   211145027   第一借阅区/ [索取号:B026-49/128] 在馆    
6 1114503   211145036   第一借阅区/ [索取号:B026-49/128] 在馆    
唐山师范学院图书馆 欢迎您!
大连网信软件有限公司© 版权所有